| 000 | 00442 a2200157 4500 | ||
|---|---|---|---|
| 005 | 20250422073527.0 | ||
| 020 | _a0 273 31616 8 | ||
| 082 | _a657.45 DE PAU | ||
| 100 | _a DE PAULA ,F. R. M. | ||
| 245 | _aThe Principles of Auditing: A Practical Manual for Student and Practitioners. | ||
| 250 | _a14th Ed | ||
| 260 |
_aLondon, _bPitman, _c1970. |
||
| 300 |
_aXx,517p.: ill.; _bIndex _c20cm. |
||
| 700 | _aDE PAULA, F.C. | ||
| 942 |
_2ddc _cBKS |
||
| 999 |
_c1599 _d1599 |
||